Estudio jurisprudencial de marcas y patentes: comentado y analizado
Spremljeno u:
| Glavni autor: | |
|---|---|
| Format: | Knjiga |
| Jezik: | španjolski |
| Izdano: |
Santiago
LexisNexis
2003
|
| Teme: | |
| Oznake: |
Dodaj oznaku
Bez oznaka, Budi prvi tko označuje ovaj zapis!
|
MARC
| LEADER | 00000nam a2200000 a 4500 | ||
|---|---|---|---|
| 001 | UCL9257 | ||
| 003 | CL-VaPUC | ||
| 008 | 040730e20030000CL |||||||||||||||||spa|d | ||
| 020 | |a 9562384314 | ||
| 082 | 0 | 4 | |a 346.83048 |b IGL |2 21 |
| 100 | 0 | |a Iglesias Muñoz, Carmen |e author |9 487068 | |
| 245 | 1 | 0 | |a Estudio jurisprudencial de marcas y patentes: comentado y analizado |
| 300 | |a 562 p | ||
| 942 | |c BK | ||
| 945 | |d 20040730 00:00:00 |a cmena | ||
| 260 | |a Santiago |b LexisNexis |c 2003 | ||
| 650 | 0 | |a Derecho comercial chileno |9 430902 | |
| 650 | 0 | |a Marcas comerciales |9 386702 | |
| 650 | 0 | |a Derecho económico |9 259197 | |
| 650 | 0 | |a Jurisprudencia |9 255952 | |
| 650 | 0 | |a Bien jurídico protegido |9 385533 | |
| 650 | 0 | |a Aspectos jurídicos |9 328188 | |
| 650 | 7 | |a MARCAS REGISTRADAS |2 CL-VaPUC |9 259100 | |
| 650 | 7 | |a PATENTES |2 CL-VaPUC |9 259099 | |
| 583 | |a last modification |c 20040730 00:00:00 |k Rodrigo Vera | ||
| 999 | |c 310121 |d 310119 | ||
| 952 | |0 0 |1 0 |4 0 |6 346_830480000000000_IGL_2003 |7 0 |8 A |9 378271 |a BIBDER |b BIBDER |d 2019-11-21 |i 4042050 |l 2 |o 346.83048 IGL 2003 |p 4042050 |r 2024-05-15 |s 2024-05-09 |w 2019-11-21 |y BK |k DER | ||